000 00753nam a2200241 a 4500
008
020 _a1560220171 (pbk. )
049 _aMAIN
090 _aHD9415
_bLES
100 1 _aLesser, William.H.
245 1 0 _aMarketing livestock and meat /
_cWilliam H. Lesser.
260 _aNew York :
_bFood products press,
_cc1993.
300 _axxvi, 471 p. :
_bill. ;
_c22 cm.
650 1 _aMeat industry and trade
_xUnited States.
650 _aLivestock
_vUnited States
_xMarketing.
650 _aMeat
_vUnited States
_xMarketing.
650 _aAnimal industry
_xUnited States.
907 _a.b10302712
_b06-03-13
_c24-10-11
003
005 20230123125337.0
040 _cNUST
942 _cBOOKS
_kHD9415
_mLES
999 _c139895
_d139895